MLB Chicago White Sox Season Home Run Leaders - Statistics

General Stats
  • This quiz has been taken 19 times
    7 since last reset
  • The average score is 48 of 142
Answer Stats
Year Player % Correct
1991 | 1993 | 1994 | +5 others Frank Thomas
100%
2001 | 2004 | 2005 | +3 others Paul Konerko
100%
1982 | 1986 Harold Baines
86%
2014 | 2015 | 2017 | +3 others José Abreu
86%
2023 Luis Robert Jr.
86%
1972 | 1974 Dick Allen
71%
1918 Eddie Collins
71%
2006 Jermaine Dye
71%
Joe Jackson
71%
1953 | 1954 Minnie Miñoso
71%
Shano Collins
71%
1998 Albert Belle
57%
1961 | 1962 Al Smith
57%
1985 | 1990 Carlton Fisk
57%
1975 Deron Johnson
57%
Fielder Jones
57%
1992 George Bell
57%
2007 Jim Thome
57%
2025 Lenyn Sosa
57%
2012 | 2013 Adam Dunn
43%
2022 Andrew Vaughn
43%
1903 Danny Green
43%
1951 | 1952 Eddie Robinson
43%
1981 Greg Luzinski
43%
1999 | 2002 Magglio Ordóñez
43%
2024 Andrew Benintendi
29%
1969 | 1970 | 1971 | 1973 Bill Melton
29%
Bill Skowron
29%
2008 Carlos Quentin
29%
1929 | 1930 | 1931 Carl Reynolds
29%
1938 Gee Walker
29%
1980 Jim Morrison
29%
1983 | 1984 Ron Kittle
29%
1946 Taffy Wright
29%
1933 Al Simmons
14%
1979 Chet Lemon
14%
1988 Dan Pasqua
14%
1950 Gus Zernial
14%
1916 | 1917 | 1919 | 1920 Happy Felsch
14%
1987 | 1989 Iván Calderón
14%
1957 Jim Rivera
14%
1939 | 1940 | 1941 | 1943 Joe Kuhel
14%
Larry Doby
14%
1977 Oscar Gamble
14%
1948 Pat Seerey
14%
1963 | 1964 | 1967 | 1968 Pete Ward
14%
1960 Roy Sievers
14%
1958 | 1959 Sherm Lollar
14%
2016 Todd Frazier
14%
1966 Tommie Agee
14%
1934 | 1935 | 1936 | 1937 Zeke Bonura
14%
Alex Metzler
0%
1922 | 1926 | 1927 Bibb Falk
0%
1928 Bill Barrett
0%
1905 | 1906 Billy Sullivan
0%
1949 Bud Souchock
0%
Carlos May
0%
1910 Chick Gandil
0%
2018 Daniel Palka
0%
Dave Altizer
0%
Dave Nicholson
0%
1921 | 1925 Earl Sheely
0%
Ed Hahn
0%
1908 Ed Walsh
0%
1978 Eric Soderholm
0%
Frank Isbell
0%
Gavvy Cravath
0%
1907 George Rohe
0%
Guy Curtright
0%
1944 Hal Trosky
0%
1923 | 1924 Harry Hooper
0%
1912 Harry Lord
0%
1914 | 1915 Jack Fournier
0%
1976 Jim Spencer
0%
1945 Johnny Dickshot
0%
1965 John Romano
0%
Jorge Orta
0%
1909 Patsy Dougherty
0%
1911 | 1913 Ping Bodie
0%
1932 Red Kress
0%
1947 Rudy York
0%
1942 Wally Moses
0%
1955 Walt Dropo
0%
Wayne Nordhagen
0%
No matching quizzes found
Score Distribution
Percent of People with Each Score
Percentile by Number Answered
Your Score History
You have not taken this quiz since the last reset